1861 1364 1349 1441 1241 1543 1791 1679 1690 1223 1985 1396 1002 1447 1801 1323 1321 1770 1337 1611 1706 1480 1393 1523 1683 1590 1607 1323 1907 1421 1807 1367 1431 1797 1348 1346 1562 1549 1986 1037 1819 1336 1614 1034 1431 1227 1199 1364 1733 1398 1569 1133 1571 1085 1755 1225 1751 1999 1222 1886 1489 1891 1709 1318 1417 1521 1461 1117 1336 1589 1326 1665 1376 1443 1698 1252 1442 1875 1398 1591 1911 1801 1767 1404 1121 1194 1807 1525 1522 1783 1297 1406 1177 1890 1474 1391 1594 1756 1109 BCNSPRNW ULIB Ver.6.0+V

เปลี่ยนเป็นภาษาไทย

Change to English
 แสดงรายละเอียดบรรณานุกรม
  กลับหน้าหลัก

Brief Record : Get Marc (ISO 2709) : E-mail record : QR code < ปิดหน้าต่าง
LEADER : 00000nam 2200000uu 4500
001    13399125395
003     ULIB
008    170524s2559||||th 000 0 tha d
020    ^a9789744668462
060  4 ^aWS100^bต367ส
245 10 ^aตำรากุมารเวชศาสตร์ สำหรับนักศึกษาแพทย์และแพทย์เวชปฏิบัติ เล่ม 1 =^bTextbook of pediatrics/^cบรรณาธิการโดย สุขเกษม โฆษิตเศรษฐ...และคณะ
246 31 ^aTextbook of pediatrics
250    ^aพิมพ์ครั้งที่ 1
260    ^aปทุมธานี:^bภาควิชากุมารเวชศาสตร์ คณะแพทยศาสตร์ มหาวิทยาลัยธรรมศาสตร์,^c2559.
300    ^a748 หน้า :^bภาพประกอบ
650  7 ^aกุมารเวชศาสตร์
650  7 ^aเด็ก^xโรค
700    ^aสุขเกษม โฆษิตเศรษฐ,^eบรรณาธิการ
710 2  ^aมหาวิทยาลัยธรรมศาสตร์.^bคณะแพทยศาสตร์.^bภาควิชากุมารเวชศาสตร์
945    ^p0^l0^i002325
945    ^p0^l0^i002326
945    ^p0^l0^i002327
999    ^aวรรณษา ชูชัยมงคล
รายการนี้ยังไม่มีแท็ก
คุณยังไม่ได้ล็อกอิน คุณสามารถมีกิจกรรมร่วมกับเว็บไซต์ได้ แต่ต้องล็อกอินก่อน ::
  ล็อกอิน

รายการสื่อสารสนเทศ

ลำดับที่ ประเภท เลขเรียก/บาร์โค้ด สถานที่ สถานะ
1. วิทยาศาสตร์การแพทย์ และสุขภาพ
วิทยาศาสตร์การแพทย์ และสุขภาพ
สถานะ=หนังสือเก่า
WS100 ต367ส ฉ.1 
  Barcode: 002325
ห้องสมุดวิทยาเขตสวรรค์ประชารักษ์
►ส่วนจัดเก็บหนังสือเก่า สปร
บนชั้น
  ขอยืม
2. วิทยาศาสตร์การแพทย์ และสุขภาพ
วิทยาศาสตร์การแพทย์ และสุขภาพ
สถานะ=หนังสือเก่า
WS100 ต367ส ฉ.2 
  Barcode: 002326
ห้องสมุดวิทยาเขตสวรรค์ประชารักษ์
►ส่วนจัดเก็บหนังสือเก่า สปร
บนชั้น
  ขอยืม
3. วิทยาศาสตร์การแพทย์ และสุขภาพ
วิทยาศาสตร์การแพทย์ และสุขภาพ
สถานะ=หนังสือเก่า
WS100 ต367ส ฉ.3 
  Barcode: 002327
ห้องสมุดวิทยาเขตสวรรค์ประชารักษ์
►ส่วนจัดเก็บหนังสือเก่า สปร
บนชั้น
  ขอยืม

รายการใกล้เคียง
    หัวเรื่อง [กุมารเวชศาสตร์]

BibComment


ยังไม่เคยถูกคอมเมนท์

คอมเมนท์ทรัพยากรรายการนี้
  คอมเมนท์: ตำรากุมารเวชศาสต..


 Copyright 2026. Bcnsprnw @Library